Sistemas de producción e inventario (Registro nro. 2205)

Detalles MARC
000 -LEADER
fixed length control field 02070 a2200241 4500
001 - CONTROL NUMBER
control field 31667
005 - DATE AND TIME OF LATEST TRANSACTION
control field 20260407155620.0
008 - FIXED-LENGTH DATA ELEMENTS--GENERAL INFORMATION
fixed length control field 260407a1972 arg spa d
003 - CONTROL NUMBER IDENTIFIER
control field AR-UNSa-BCEJYS
040 ## - CATALOGING SOURCE
Original cataloging agency AR-UNSa-BCEJYS
Language of cataloging spa
Transcribing agency AR-UNSa-BCEJYS
080 ## - UNIVERSAL DECIMAL CLASSIFICATION NUMBER
Universal Decimal Classification number 658.5
Common auxiliary subdivision Planificación y control de la producción<br/>
041 ## - LANGUAGE CODE
Language code of text/sound track or separate title spa
100 1# - MAIN ENTRY--PERSONAL NAME
Personal name Suárez, Eduardo L.
245 10 - TITLE STATEMENT
Title Sistemas de producción e inventario
Name of part/section of a work planeación y control
264 #1 - PRODUCTION, PUBLICATION, DISTRIBUTION, MANUFACTURE, AND COPYRIGHT NOTICE
Place of production, publication, distribution, manufacture México :
Name of producer, publisher, distributor, manufacturer Limusa
Date of production, publication, distribution, manufacture, or copyright notice 1972
300 ## - PHYSICAL DESCRIPTION
Extent 576 p.
Dimensions 23 cm.
505 ## - FORMATTED CONTENTS NOTE
Formatted contents note Parte I: Introducción: 1. Naturaleza de los sistemas de producción - inventario - 2. Pronósticos para el control de los inventarios y de la producción -- Parte II: Inventarios: 3. Modelos básicos de inventarios - 4. Sistemas de administración de inventarios --Parte III: Planeación agregada,conceptos y métodos: 5. Planeación agregada,planteamiento del problema - 6. Métodos de planeación agregada utilizando reglas de decisión matemáticamente óptimas y heurísticas - 7. Métodos de planeación agregada utilizando la regla de decisión por búsqueda -- Parte IV:Planeación y programación para productos estandarizados de alto volumen de producción: 8. Programación para productos estandarizados de alto volumen de producción - 9. Secuencia de operaciones y balance de líneas -- Parte V: Planeación y programación en los sistemas de producción intermitente en talleres: 10. Diseño de las instalaciones para sistemas intermitentes - 11. Investigación para programación en talleres de producción intermitente - 12. Sistemas de planeación,programación y control en los talleres de producción intermitente -- Parte VI: Planeación y programación de los proyectos en gran escala - 13. Planeación y programación de redes - 14. Programación y control de proyectos -- Parte VII: Resumen: 15. Control de inventarios y de la producción-Síntesis.
590 ## - LOCAL NOTE (RLIN)
Local note niveau_biblio:m niveau_hierar:0
700 1# - ADDED ENTRY--PERSONAL NAME
Personal name Buffa, Elwood S.
700 1# - ADDED ENTRY--PERSONAL NAME
Personal name Taubert, William H.
700 1# - ADDED ENTRY--PERSONAL NAME
Personal name León Garza, Miguel
942 ## - ADDED ENTRY ELEMENTS (KOHA)
Koha item type
Existencias
Withdrawn status Lost status Damaged status Not for loan Home library Current library Shelving location Date acquired Total checkouts Full call number Barcode Date last seen Price effective from Koha item type
        Biblioteca Prof. Eusebio Cleto del Rey Biblioteca Prof. Eusebio Cleto del Rey   07/04/2026   658.5 B929 L53836 07/04/2026 07/04/2026 Libro